Los ( Mal) Tratados de Libre Comercio /

Na minha lista:
Detalhes bibliográficos
Autor principal: Aguilar Sánchez, Carlos Guillermo
Autor Corporativo: DEI
Outros Autores: comp
Formato: Texto
Publicado em: San José: DEI
Tags: Adicionar Tag
Sem tags, seja o primeiro a adicionar uma tag!

MARC

LEADER 00000 a a2200000 04500
001 29787
003
040
020 |a 9977-83-142-4  
090 |a 193308  
100 |a Aguilar Sánchez, Carlos Guillermo  
110 |a DEI  
245 |a Los ( Mal) Tratados de Libre Comercio /  |c Carlos Guillermo Aguilar Sánchez 
260 |a San José:   |b DEI  
300 |a 198 p  
700 |a comp  
999 |c 13082  |d 13082